00597nam a22001817a 450000500170000001000150001702000280003203500140006003700130007408200120008710000200009924501200011926000420023927000660028130000330034770000180038070000170039820171013124055.0 aENG-120255 c1195.00a97881924732123 aEN-103787 bDBAD/PUB a954.022 aSudhindra Kumar aThe missing links in Mughal history /cby Sudhindra Kumar ; foreword by Madhu Trivedi ; transleted by Lalit Sharma  aDelhibSwaraj Book Distributorsc2014 aA-6,Nimri Comercial Center,Near Ashok Vihar-IVbDelhie110092 a4-vol (xxi,250p.)c22cm.(Hb) aMadhu Trivedi aSharma,Lalit